000 00398nam a22001697a 4500
005 20160630150107.0
008 160630b xxu||||| |||| 00| 0 eng d
020 _a978-93-5027-018-9
041 _aeng
082 _b19924
100 _aAggarwal RS
_9880
245 _aMathematics Class XI
260 _bBharti Bhawan
_c2014
300 _a2163
650 _aDiploma Engineering
_9817
942 _cBK
999 _c4953
_d4951